| 000 | 00740nam a2200193 i 4500 | ||
|---|---|---|---|
| 001 | 121929 | ||
| 003 | ES-MaACL | ||
| 005 | 20230906191853.0 | ||
| 007 | t| | ||
| 008 | 070214s1963 sp f |||| | spa d | ||
| 100 | 1 |
_aPoch, José. _992695 |
|
| 245 | 1 | 4 |
_aLas Escuelas Pías de Mataró, la Iglesia de Santa Ana y el Hno. José Guardia de S. Juan Bautista : _bapuntes históricos y documentos / _cJosé Poch. |
| 260 |
_aMataró : _bCaja de Ahorros y Monte de Piedad, _c1963. |
||
| 300 |
_a122 p., XII lám. ; _c22 cm. |
||
| 586 | _aPremi Iluro, 1962. | ||
| 610 | 2 | 4 |
_aColegio de las Escuelas Pías de Santa Ana (Mataró)- _vHistoria. _9162996 |
| 710 | 2 |
_aCaja de Ahorros y Monte de Piedad de Mataró. _92321 |
|
| 852 |
_aES-MaACL _jC-25002 |
||
| 999 |
_c121929 _d121929 |
||